| 000 | 00755nam a2200205 i 4500 | ||
|---|---|---|---|
| 001 | 90030 | ||
| 003 | ES-MaACL | ||
| 005 | 20230906180329.0 | ||
| 007 | t| | ||
| 008 | 050117s1949 be ||||1| fre d | ||
| 100 | 1 |
_aLeemans, Louis. _971206 |
|
| 245 | 1 | 0 |
_aAdministration, organisation et comptabilité industrielles / _cpar Louis Leemans et Armand Dabar. |
| 260 |
_aBruxelles : _bComptables, Commerciales et Financiéres, _c[1949] ( _eFrameries : _fUnion des Imprimeries) |
||
| 300 |
_a420 p. ; _c25 cm. |
||
| 490 | 1 | _aBibliothèque générale des sciences économiques | |
| 700 | 1 |
_aDabar, Armand. _942395 |
|
| 830 | 0 |
_aBibliothèque générale des sciences économiques _9182647 |
|
| 852 |
_aES-MaACL _jC-17403 _bR.45710 |
||
| 999 |
_c90030 _d90030 |
||